PHYSIOLOGY PRACTICAL MANUAL (Record no. 11131)

MARC details
000 -LEADER
fixed length control field 00337nam a22001577a 4500
003 - CONTROL NUMBER IDENTIFIER
control field SGT
020 ## - INTERNATIONAL STANDARD BOOK NUMBER
International Standard Book Number 978-81-239-2512-7
082 ## - DEWEY DECIMAL CLASSIFICATION NUMBER
Classification number 612
Item number P15K
100 ## - MAIN ENTRY--PERSONAL NAME
Personal name KAPOOR,RAJ
245 ## - TITLE STATEMENT
Title PHYSIOLOGY PRACTICAL MANUAL
250 ## - EDITION STATEMENT
Edition statement 2ND
260 ## - PUBLICATION, DISTRIBUTION, ETC. (IMPRINT)
Place of publication, distribution, etc NEW DELHI
Name of publisher, distributor, etc C.B.S PUB
Year of Publication 2015
300 ## - PAGE DESCRIPTION
No. of Pages 236
650 ## - SUBJECT ADDED ENTRY--TOPICAL TERM
Topical term or geographic name as entry element PHARMACY
942 ## - ADDED ENTRY ELEMENTS (KOHA)
Source of classification or shelving scheme Dewey Decimal Classification
Koha item type Books
942 ## - ADDED ENTRY ELEMENTS (KOHA)
-- 4
Holdings
Withdrawn status Lost status Source of classification or shelving scheme Damaged status Not for loan Collection code Home library Current library Shelving location Date acquired Vendor Name Cost, normal purchase price SGTU Bill Number Total Checkouts Full call number Accession No. (Barcode) Date last seen Date last borrowed Bill Date Koha item type
    Dewey Decimal Classification     PHARMACY SGT FA-FP Library SGT FA-FP Library Text Book 08/03/2017 AHUJA PUB 395.00 SGTU 7790 1 612 P15K FP2152 25/08/2018 09/08/2018 02/03/2017 Books
    Dewey Decimal Classification     PHARMACY SGT FA-FP Library SGT FA-FP Library Text Book 08/03/2017 AHUJA PUB 395.00 SGTU 7790 1 612 P15K FP2153 01/10/2018 18/09/2018 02/03/2017 Books
    Dewey Decimal Classification     PHARMACY SGT FA-FP Library SGT FA-FP Library Text Book 08/03/2017 AHUJA PUB 395.00 SGTU 7790 2 612 P15K FP2154 14/06/2023 09/06/2023 02/03/2017 Books
    Dewey Decimal Classification     PHARMACY SGT FA-FP Library SGT FA-FP Library Text Book 08/03/2017 AHUJA PUB 395.00 SGTU 7790   612 P15K FP2155 08/03/2017   02/03/2017 Books
    Dewey Decimal Classification     PHARMACY SGT FA-FP Library SGT FA-FP Library Text Book 08/03/2017 AHUJA PUB 395.00 SGTU 7790   612 P15K FP2156 08/03/2017   02/03/2017 Books
    Dewey Decimal Classification     PHARMACY SGT FA-FP Library SGT FA-FP Library Text Book 08/03/2017 AHUJA PUB 395.00 SGTU 7790 3 612 P15K FP2157 23/07/2022 15/11/2021 02/03/2017 Books
    Dewey Decimal Classification     PHARMACY SGT FA-FP Library SGT FA-FP Library Text Book 08/03/2017 AHUJA PUB 395.00 SGTU 7790 10 612 P15K FP2158 31/03/2026 17/03/2026 02/03/2017 Books
    Dewey Decimal Classification     PHARMACY SGT FA-FP Library SGT FA-FP Library Text Book 08/03/2017 AHUJA PUB 395.00 SGTU 7790 2 612 P15K FP2159 16/01/2020 09/01/2020 02/03/2017 Books
    Dewey Decimal Classification     PHARMACY SGT FA-FP Library SGT FA-FP Library Text Book 08/03/2017 AHUJA PUB 395.00 SGTU 7790 2 612 P15K FP2160 28/09/2023 25/09/2023 02/03/2017 Books
    Dewey Decimal Classification     PHARMACY SGT FA-FP Library SGT FA-FP Library Text Book 08/03/2017 AHUJA PUB 395.00 SGTU 7790 2 612 P15K FP2161 14/09/2019 31/08/2019 02/03/2017 Books